[Event "8th RTU Open 2018"]
[Site "Riga"]
[Date "2018.08.09"]
[Round "5"]
[White "Donchenko, Alexander"]
[Black "Kaczur, Florian"]
[Result "1-0"]
[WhiteElo "2612"]
[BlackElo "2482"]
[Annotator "TA"]
[PlyCount "137"]
[EventDate "2018.08.06"]
[EventType "swiss"]
[EventCountry "LAT"]
[SourceTitle "playchess.com"]
[Source "ChessBase"]
[SourceQuality "1"]

{[%evp 21,137,29,35,11,18,25,29,2,35,16,22,18,16,28,23,21,39,62,64,36,61,48,202,87,82,81,93,79,87,80,95,81,87,71,84,83,77,87,90,75,57,0,504,504,493,474,351,172,153,125,127,128,133,126,125,118,111,106,112,73,75,73,72,75,72,72,72,73,68,66,115,100,87,30,172,187,269,269,286,170,170,0,290,267,279,269,331,331,331,333,552,554,675,671,654,658,640,581,631,621,885,865,816,788,676,998,1119,1038,29992,29993,29993,29994,29995,29996,29996,29997,29998,29999]} 1. d4 d5 2. c4 e6 3. Nc3 Be7 4. Nf3 Nf6 5. Bf4 O-O 6. Rc1 c6 7. e3 Nbd7 8. h3 b6 9. cxd5 exd5 10. Bd3 Bb7 11. O-O a6 {LiveBook: 4 Games. D35: Queen's Gambit Declined: Exchange Variation} 12. Bh2 $146 ({Predecessor:} 12. Bb1 c5 13. Ne5 Rc8 14. dxc5 Nxc5 15. Nf3 g6 16. Ne2 b5 17. Qd4 Ne6 18. Qa7 Nxf4 19. Nxf4 Rxc1 20. Rxc1 {1-0 (52) Pap,G (2527)-Payen,A (2346) Budapest 2016}) 12... c5 13. dxc5 bxc5 {White has an edge.} 14. Qb3 Bc6 {White must now prevent ...c4.} (14... Nb6 $5 {[%cal Rc5c4]} 15. Na4 Nxa4 16. Qxb7 Bd6 $14) 15. Qc2 Re8 16. Rfd1 Bf8 17. Ng5 {[%cal Rd3h7]} g6 18. e4 $36 {[%mdl 2048] With the idea exd5. White has the initiative.} Nxe4 19. Ncxe4 dxe4 20. Bxe4 Bxe4 21. Nxe4 {Rxd7! is the strong threat.} Qh4 $2 (21... Re6 $1 $14) 22. Nd6 (22. Rxd7 Qxe4 23. Bg3 Qe6 $11) (22. f3 $18 {is the precise move to win.} Ra7 23. Bg3) 22... Bxd6 $16 23. Bxd6 Re6 24. Qd2 Rae8 25. Bg3 Qe7 26. Qa5 ({Much worse is} 26. Qxd7 Re1+ 27. Rxe1 Qxd7 $15) 26... Rc8 27. Rd5 c4 28. Rcd1 Nf6 29. Rd8+ Rxd8 30. Rxd8+ Kg7 31. Bf4 (31. Rc8 $14) 31... Re4 $2 {[%mdl 8192] [#]} (31... Re1+ $11 {and Black is okay.} 32. Kh2 Ng4+ 33. Kg3 Nf6) 32. Bd6 $1 $18 {[%cal Rd6e7]} Qe6 33. Bf8+ Kg8 34. Bh6+ (34. Bb4+ $142 Kg7 35. Qc5) 34... Ne8 35. Qb4 {[%csl Gh6][%cal Rb4f8]} Re1+ 36. Kh2 {[%csl Gh6][%cal Rb4f8]} Qe7 37. Qxe7 Rxe7 $16 {[%mdl 4096] Endgame KRB-KRN} 38. Rc8 f6 39. Rxc4 Re2 40. Be3 Rxb2 41. Ra4 Nc7 42. Bd4 Rc2 43. Bxf6 Rxf2 44. Be5 Nd5 45. Rxa6 Ne3 46. Kg3 Rf5 47. Bf4 (47. Bc3 $16) 47... Nf1+ {[#]} (47... Nxg2 $1 $11 48. Bc1 (48. Kxg2 Rxf4 49. Ra7 Kf8 $11) 48... Ne1) 48. Kg4 $1 $18 Kf7 (48... h5+ {was worth a try.} 49. Kf3 Nd2+ 50. Ke3 Kf7) 49. Ra7+ Kg8 {and if ...h5+ works, Black does fine.} 50. Ra8+ (50. h4 $142) 50... Kf7 {intending ...h5+.} 51. Ra7+ (51. Ra4 $142) 51... Kg8 {Black wants to play ...h5+.} 52. h4 h5+ 53. Kf3 Nh2+ 54. Ke4 Ng4 55. g3 Rb5 $2 (55... Nf2+ {is a better defense.} 56. Kd4 Nh3) 56. a4 Rb3 57. a5 Ra3 58. a6 Ra5 59. Bc7 Ra3 60. Kd5 Nf6+ 61. Ke6 Ne4 62. Ra8+ Kh7 63. a7 Ra6+ 64. Kf7 {White wants to mate with Be5.} g5 65. Be5 {[%csl Ge5][%cal Ra8h8] White mates.} Nd6+ 66. Bxd6 Rxd6 {[#]} 67. Rh8+ $1 {[%mdl 512]} Kxh8 68. a8=Q+ Kh7 69. Qg8+ {Precision: White = 58%, Black = 46%.} 1-0

[Event "8th RTU Open 2018"]
[Site "Riga"]
[Date "2018.08.09"]
[Round "5"]
[White "Predke, Alexandr"]
[Black "Dragnev, Valentin"]
[Result "1-0"]
[WhiteElo "2606"]
[BlackElo "2509"]
[Annotator "TA"]
[PlyCount "77"]
[EventDate "2018.08.06"]
[EventType "swiss"]
[EventCountry "LAT"]
[SourceTitle "playchess.com"]
[Source "ChessBase"]
[SourceQuality "1"]

{[%evp 14,77,6,10,11,14,23,23,24,23,22,15,24,17,21,17,17,19,18,17,18,19,18,35,25,25,40,31,34,48,43,41,38,38,38,15,20,29,72,72,156,166,167,158,158,148,188,182,182,182,182,171,234,224,237,231,364,351,349,345,316,312,547,539,519,508]} 1. e4 e5 2. Nf3 Nc6 3. Bb5 a6 4. Ba4 Nf6 5. d3 b5 6. Bb3 Bc5 7. Bg5 h6 {C77: Ruy Lopez: 3...a6 4 Ba4 Nf6, unusual lines} 8. Bh4 {LiveBook: 3 Games} Be7 (8... d6 9. Nc3 g5 10. Bg3 Na5 11. Ne2 Nxb3 12. axb3 Bb6 13. Qd2 Bg4 14. h4 Bxf3 15. gxf3 {0-1 (56) Solovjov,A (2212)-Lesin,D (2253) Bratsk 2017}) 9. a4 $146 {Black must now prevent axb5.} ({Predecessor:} 9. O-O O-O 10. h3 d6 11. Nc3 Na5 12. Re1 c5 13. Bxf6 Bxf6 14. Bd5 Bb7 15. Bxb7 Nxb7 {0-1 (48) Roitburd,S (1765)-Lorenz,O (1867) Braunfels 2013}) 9... Rb8 {The position is equal.} 10. axb5 axb5 11. Nc3 d6 12. Bxf6 Bxf6 13. Nd5 O-O 14. O-O g6 15. Nxf6+ Qxf6 16. h3 Be6 17. Bxe6 Qxe6 18. Qd2 Kh7 19. Ra6 Qd7 20. Qc3 Nd8 21. d4 $36 {[%mdl 2048] White fights for an advantage.} exd4 22. Nxd4 Ne6 23. Nxe6 Qxe6 24. Qxc7 Qxe4 25. c3 d5 26. Rf6 $1 {[%cal Rf6f7]} Kg7 {[#]} (26... Qe8 $142) 27. Rxf7+ $1 $16 {[%mdl 512]} Rxf7 28. Qxb8 {[%mdl 4096] Endgame KQR-KQR} Qe2 29. b3 {[%cal Bb2b3,Bb3b4][%mdl 32]} Kh7 30. Qd6 Qd3 {[#]} 31. Qc5 $1 h5 32. Re1 Qc2 {[#]} (32... Qd2 $142 33. Rf1 Qd3) 33. b4 $1 $18 Qd2 34. Qe3 Qa2 (34... Qxe3 {might work better.} 35. Rxe3 (35. fxe3 Kg7 $16) 35... Rd7) 35. Qd4 Qc4 36. Re5 Rd7 37. g3 Qa2 $2 (37... Qxd4 38. cxd4 Kg7) 38. Re8 {[%csl Gd4][%cal Re8h8]} Rg7 39. Qf6 {Precision: White = 96%, Black = 50%.} 1-0

[Event "8th RTU Open 2018"]
[Site "Riga"]
[Date "2018.08.09"]
[Round "5"]
[White "Svane, Rasmus"]
[Black "Pultinevicius, Paulius"]
[Result "1/2-1/2"]
[WhiteElo "2591"]
[BlackElo "2452"]
[Annotator "TA"]
[PlyCount "172"]
[EventDate "2018.08.06"]
[EventType "swiss"]
[EventCountry "LAT"]
[SourceTitle "playchess.com"]
[Source "ChessBase"]
[SourceQuality "1"]

{[%evp 16,171,31,24,48,40,31,20,13,16,24,22,57,57,58,58,65,75,88,59,122,48,84,71,118,95,100,95,89,89,102,58,68,84,75,78,90,81,86,45,69,0,0,0,0,0,60,49,53,0,8,0,110,126,137,122,132,94,89,5,5,0,0,0,14,16,18,14,47,0,0,0,33,47,47,36,32,29,47,37,32,31,37,14,58,62,75,25,36,33,34,33,40,29,29,31,62,61,200,200,202,188,197,71,204,141,349,278,276,161,434,407,392,8,8,8,8,8,8,8,8,8,8,8,8,8,8,8,8,8,8,8,8,8,8,8,8,8,8,0,8,8,8,8,8,0,0,0,8,0,8,0,8,0,0,0,0,0]} 1. Nf3 {Quintiliano,R} Nf6 2. c4 c5 3. Nc3 d5 4. cxd5 Nxd5 5. e3 Nxc3 6. dxc3 {A34: Symmetrical English: 2 Nc3, lines with ...d5} Qxd1+ 7. Kxd1 Bf5 8. Nd2 Nc6 9. e4 {LiveBook: 4 Games} Bg6 10. Bb5 Rc8 11. a4 $146 ({Predecessor:} 11. h4 h5 12. Re1 e6 13. a4 {0-1 (71) Carlsen,M (2822)-Vachier Lagrave,M (2791) Saint Louis 2017 CBM 180 [Quintiliano,R]}) 11... a6 12. Bd3 e6 13. a5 Be7 14. Nc4 O-O 15. Kc2 Rcd8 16. Bf4 f6 17. Rhd1 Bf7 (17... h5 $14) 18. Be3 (18. Bc7 $16) 18... Be8 19. f3 Kf7 20. Bf4 Na7 {[%cal Bc6a7,Ba7b5,Bb5d6][%mdl 32]} 21. Bc7 Rd7 22. Bg3 Rd8 23. Ne3 Bb5 24. Bxb5 Nxb5 25. Nc4 Rxd1 26. Rxd1 {Threatens to win with Rd7.} Rd8 27. Rf1 Ke8 28. f4 ({White should try} 28. Nb6 $14) 28... Nd6 $11 29. Nd2 Kd7 30. Re1 Nb5 (30... Rf8 $11) 31. Bf2 $14 Kc6 32. f5 (32. Nf3 $14) 32... Bd6 33. Nf3 Bc7 (33... e5 $11) 34. fxe6 $16 Re8 35. e5 Bxa5 36. exf6 gxf6 37. Nh4 (37. e7 $16) 37... Bc7 $11 38. Bg3 Bxg3 39. hxg3 {[%mdl 4096] Endgame KRN-KRN} Nc7 40. e7 Kd7 41. Nf5 {Black must now prevent Rd1+.} Nd5 {[%cal Rd5e7]} 42. Rd1 Kc6 43. Re1 Kd7 $1 {[%cal Rd5e7]} 44. Rh1 Nxe7 45. Rxh7 b6 46. Kd3 Kd8 47. Ng7 Rg8 48. Ke4 a5 49. Kd3 Kc8 50. Kc4 $1 Ng6 {Strongly threatening ...Nf8.} 51. Nf5 Ne5+ 52. Kb5 Rg5 53. Nd6+ Kd8 54. Kxb6 {Ne4 is the strong threat.} Rxg3 55. Kxc5 Rxg2 56. b3 Rb2 (56... Nd7+ $14 57. Kc6 Ne5+ 58. Kd5 Ng6) 57. Nb7+ $18 Ke8 58. Nxa5 f5 {[#]} 59. b4 (59. Rh5 $1 $18 {and White stays clearly on top.}) 59... Rc2 (59... f4 $16) 60. Kd5 Ng4 $2 (60... Nf7 $16 61. Kd4 f4) 61. Rh3 f4 62. b5 (62. Nc4 $142) 62... Rb2 $2 (62... Rh2 63. Rxh2 Nxh2) 63. c4 Nh2 {[#] intending ...f3.} 64. Rb3 $2 (64. b6 $1 $18 {[%mdl 512]} f3 (64... Rxb6 65. Rxh2) 65. b7 Rxb7 66. Rh8+ (66. Nxb7 f2 $16) (66. Rxh2 Rf7 $18) 66... Kf7 67. Rxh2 (67. Nxb7 f2 $11) 67... Rd7+ 68. Ke4) 64... Rd2+ $1 $11 {The position is equal.} 65. Kc6 f3 $1 {[%cal Rf3f2]} 66. b6 f2 67. b7 Rd8 68. b8=Q Rxb8 69. Rxb8+ Ke7 70. Rb7+ Ke6 71. Rb1 f1=Q 72. Rxf1 Nxf1 {KN-KN} 73. c5 {aiming for Kb7.} Nd2 74. Kb7 Ne4 75. c6 {And now c7 would win.} Nc5+ 76. Kc7 Na6+ 77. Kb7 Nc5+ 78. Kb6 Nd7+ 79. Ka7 {Hoping for c7.} Kd6 80. Kb7 Nc5+ 81. Kb8 Na6+ 82. Kb7 Nc5+ 83. Kc8 Nb3 84. c7 Nxa5 85. Kb8 Nc6+ 86. Ka8 $2 {[%mdl 8192]} (86. Kb7 Ne7 87. c8=Q Nxc8) 86... Kxc7 {Precision: White = 40%, Black = 44%.} 1/2-1/2

[Event "8th RTU Open 2018"]
[Site "Riga"]
[Date "2018.08.09"]
[Round "5"]
[White "Esipenko, Andrey"]
[Black "Lapshun, Yury"]
[Result "1-0"]
[WhiteElo "2589"]
[BlackElo "2403"]
[Annotator "TA"]
[PlyCount "75"]
[EventDate "2018.08.06"]
[EventType "swiss"]
[EventCountry "LAT"]
[SourceTitle "playchess.com"]
[Source "ChessBase"]
[SourceQuality "1"]

{[%evp 15,75,50,52,31,66,61,75,67,67,81,77,71,79,70,74,70,114,91,93,77,99,0,97,86,107,91,148,139,205,206,324,302,347,329,346,347,566,570,569,562,518,431,746,740,721,717,861,822,723,834,842,808,803,758,916,826,1499,1471,1705,1546,29977,12845]} 1. d4 Nf6 2. Nf3 e6 3. c4 d5 4. g3 Be7 5. Bg2 O-O 6. O-O dxc4 7. Ne5 Nbd7 8. Nxc4 {E05: Open Catalan: 5 Nf3 Be7} Nb6 {LiveBook: 5 Games} 9. Ne5 Rb8 10. Nc3 {White is slightly better.} Bd7 $146 ({Predecessor:} 10... Nfd7 11. Bf4 Nxe5 12. dxe5 Qxd1 13. Rfxd1 Bd7 14. Rd3 Rfc8 15. Rad1 Be8 16. b3 c5 17. Ne4 {0-1 (32) Llanes Hurtado,M (2299)-Khamrakulov,I (2472) Zafra 2004}) 11. Qb3 Be8 12. Rd1 Nfd5 13. a4 a5 14. e4 Nb4 $1 15. Be3 c6 16. Rac1 Nd7 17. Qc4 Nb6 18. Qb3 Nd7 $1 19. Rd2 Kh8 20. Qd1 f6 ({Better is} 20... f5) 21. Nc4 $16 Bf7 {[#]} (21... f5 $16) 22. d5 $1 $18 {[%cal Rd5c6]} cxd5 (22... exd5 {was called for.} 23. exd5 Qe8) 23. exd5 exd5 24. Bxd5 ({Weaker is} 24. Nxd5 Nxd5 25. Bxd5 Bb4 $16) 24... Nxd5 25. Nxd5 Be6 $2 (25... Nc5 26. Nxf6 Bxc4) 26. Nf4 Bf5 27. g4 {[%cal Bg3g4,Bg4f5][%mdl 32]} Bb4 28. Rd5 g5 (28... Be4 $142 29. Rxd7 Qe8) 29. gxf5 gxf4 30. Rxd7 fxe3 31. Rxd8 exf2+ 32. Kxf2 Rbxd8 33. Qf3 Bc5+ 34. Kg2 Rg8+ 35. Kh3 Bg1 36. Rd1 Rc8 37. Nd6 {[#] White wants to mate with Nf7+.} Rc7 38. Qd5 {Precision: White = 73%, Black = 46%.} 1-0

[Event "8th RTU Open 2018"]
[Site "Riga"]
[Date "2018.08.09"]
[Round "5"]
[White "Stocek, Jiri"]
[Black "Jackson, James P"]
[Result "1-0"]
[WhiteElo "2582"]
[BlackElo "2380"]
[Annotator "ChessBase"]
[PlyCount "85"]
[EventDate "2018.08.06"]
[EventType "swiss"]
[EventCountry "LAT"]
[SourceTitle "playchess.com"]
[Source "ChessBase"]
[SourceQuality "1"]
[TimeControl "5400+30"]

1. c4 {[%emt 0:04:11]} Nf6 {[%emt 0:01:05]} 2. Nc3 {[%emt 0:00:19]} c5 {[%emt 0:00:48]} 3. Nf3 {[%emt 0:00:08]} e6 {[%emt 0:00:46]} 4. e3 {[%emt 0:00:46]} d5 {[%emt 0:02:20]} 5. d4 {[%emt 0:00:17]} cxd4 {[%emt 0:01:29]} 6. exd4 {[%emt 0:00:08]} Bb4 {[%emt 0:00:05]} 7. Bd3 {[%emt 0:01:55]} dxc4 {[%emt 0:01:00]} 8. Bxc4 {[%emt 0:00:09]} O-O {[%emt 0:00:58]} 9. O-O {[%emt 0:00:07]} Bxc3 {[%emt 0:01:57]} 10. bxc3 {[%emt 0:00:07]} b6 {[%emt 0:00:05]} 11. Re1 {[%emt 0:11:17]} Qc7 {[%emt 0:07:26]} 12. Bb3 {[%emt 0:08:39]} Bb7 {[%emt 0:04:42]} 13. c4 {[%emt 0:03:12]} Nbd7 {[%emt 0:03:58]} 14. h3 {[%emt 0:07:44]} Rfe8 {[%emt 0:03:13]} 15. Bb2 {[%emt 0:00:35]} Rad8 {[%emt 0:10:40]} 16. Re3 {[%emt 0:00:56]} a6 {[%emt 0:19:00]} 17. Rc1 {[%emt 0:08:40]} Qb8 {[%emt 0:01:31]} 18. a4 {[%emt 0:02:34]} b5 {[%emt 0:03:05]} 19. axb5 {[%emt 0:00:45]} axb5 {[%emt 0:00:07]} 20. c5 {[%emt 0:00:39]} Rc8 {[%emt 0:03:09]} 21. Ne5 {[%emt 0:03:01]} Nxe5 {[%emt 0:04:41]} 22. dxe5 {[%emt 0:00:26]} Nd5 {[%emt 0:00:54]} 23. Rg3 {[%emt 0:01:21]} Ne7 {[%emt 0:00:39]} 24. Qg4 {[%emt 0:01:11]} Nf5 {[%emt 0:00:54]} 25. Rd3 {[%emt 0:00:42]} Bc6 {[%emt 0:00:21]} 26. Rcd1 {[%emt 0:09:44]} Qa7 {[%emt 0:03:22]} 27. Rc3 {[%emt 0:02:33]} Qe7 {[%emt 0:13:09]} 28. Bc2 {[%emt 0:07:45]} b4 {[%emt 0:03:52]} 29. Rc4 {[%emt 0:01:49]} Bd5 {[%emt 0:00:34]} 30. Rxd5 {[%emt 0:03:49]} exd5 {[%emt 0:02:16]} 31. Qxf5 {[%emt 0:00:13]} g6 {[%emt 0:00:05]} 32. Rg4 {[%emt 0:00:13]} Qxc5 {[%emt 0:00:38]} 33. Ba4 {[%emt 0:02:15]} Re7 {[%emt 0:02:57]} 34. Qg5 {[%emt 0:02:22]} d4 {[%emt 0:04:04]} 35. Rxd4 {[%emt 0:00:38]} Rxe5 {[%emt 0:01:06]} 36. Rd8+ {[%emt 0:00:14]} Rxd8 {[%emt 0:00:25]} 37. Qxd8+ {[%emt 0:00:08]} Kg7 {[%emt 0:00:06]} 38. Bd4 {[%emt 0:04:21]} Qc1+ {[%emt 0:00:58]} 39. Kh2 {[%emt 0:00:05]} Qf4+ {[%emt 0:00:25]} 40. g3 {[%emt 0:00:07]} Qe4 {[%emt 0:00:08]} 41. Bc2 {[%emt 0:02:11]} Qe2 {[%emt 0:00:55]} 42. Bd3 {[%emt 0:01:18]} Qe1 {[%emt 0:00:33]} 43. Qc7 {[%emt 0:00:25]} 1-0

[Event "8th RTU Open 2018"]
[Site "Riga"]
[Date "2018.08.09"]
[Round "5"]
[White "Petrosyan, Manuel"]
[Black "Thybo, Jesper Sondergaard"]
[Result "1-0"]
[WhiteElo "2567"]
[BlackElo "2496"]
[Annotator "ChessBase"]
[PlyCount "89"]
[EventDate "2018.08.06"]
[EventType "swiss"]
[EventCountry "LAT"]
[SourceTitle "playchess.com"]
[Source "ChessBase"]
[SourceQuality "1"]
[TimeControl "5400+30"]

1. d4 {[%emt 0:01:35]} Nf6 {[%emt 0:00:00]} 2. Nf3 {[%emt 0:00:15]} g6 {[%emt 0:00:00]} 3. Nbd2 {[%emt 0:00:45]} Bg7 {[%emt 0:01:43]} 4. e4 {[%emt 0:00:09]} d6 {[%emt 0:00:03]} 5. Bd3 {[%emt 0:01:13]} O-O {[%emt 0:00:55]} 6. O-O {[%emt 0:00:07]} c5 {[%emt 0:04:03]} 7. c3 {[%emt 0:01:47]} cxd4 {[%emt 0:02:48]} 8. cxd4 {[%emt 0:04:13]} Nc6 {[%emt 0:00:06]} 9. a3 {[%emt 0:06:32]} Nd7 {[%emt 0:11:16]} 10. Nb3 {[%emt 0:00:35]} e5 {[%emt 0:02:51]} 11. d5 {[%emt 0:11:31]} Ne7 {[%emt 0:02:57]} 12. Nbd2 {[%emt 0:19:02]} f5 {[%emt 0:05:22]} 13. b4 {[%emt 0:00:40]} Nf6 {[%emt 0:03:57]} 14. Bb2 {[%emt 0:02:36]} Kh8 {[%emt 0:08:34]} 15. Qb3 {[%emt 0:05:37]} Bh6 {[%emt 0:07:05]} 16. h3 b6 {[%emt 0:00:54]} 17. Rad1 {[%emt 0:16:26]} Bb7 {[%emt 0:01:03]} 18. Rfe1 {[%emt 0:01:01]} Qd7 {[%emt 0:08:35]} 19. Nc4 {[%emt 0:01:21]} fxe4 {[%emt 0:01:57]} 20. Bxe4 {[%emt 0:03:24]} Bg7 {[%emt 0:00:04]} 21. Bxe5 {[%emt 0:06:55]} dxe5 {[%emt 0:01:40]} 22. Nfxe5 {[%emt 0:00:04]} Qd8 {[%emt 0:04:23]} 23. Nc6 {[%emt 0:00:24]} Bxc6 {[%emt 0:01:40]} 24. dxc6 {[%emt 0:00:04]} Qc7 {[%emt 0:01:12]} 25. Nd6 {[%emt 0:00:15]} Neg8 {[%emt 0:16:12]} 26. Bf3 {[%emt 0:04:11]} a6 {[%emt 0:00:39]} 27. b5 {[%emt 0:01:43]} a5 {[%emt 0:03:16]} 28. Qe3 {[%emt 0:01:21]} Nh6 {[%emt 0:01:42]} 29. Qe7 {[%emt 0:02:26]} Ra7 {[%emt 0:00:14]} 30. Nb7 {[%emt 0:00:13]} Qxe7 {[%emt 0:01:18]} 31. Rxe7 {[%emt 0:00:02]} Nf5 {[%emt 0:00:07]} 32. Re6 {[%emt 0:00:27]} Ne8 {[%emt 0:02:20]} 33. Re4 {[%emt 0:05:27]} a4 {[%emt 0:03:36]} 34. Be2 {[%emt 0:00:14]} Ra8 {[%emt 0:00:42]} 35. g4 {[%emt 0:00:49]} Nf6 {[%emt 0:00:22]} 36. Re6 {[%emt 0:01:35]} Nh4 {[%emt 0:00:54]} 37. c7 {[%emt 0:00:20]} Rac8 {[%emt 0:00:57]} 38. Re7 {[%emt 0:01:47]} Ng8 {[%emt 0:00:26]} 39. Red7 {[%emt 0:00:48]} Be5 {[%emt 0:01:52]} 40. Nd6 {[%emt 0:00:29]} Bxd6 {[%emt 0:00:03]} 41. R1xd6 {[%emt 0:00:01]} Nf3+ {[%emt 0:01:09]} 42. Bxf3 {[%emt 0:01:19]} Rxf3 {[%emt 0:00:03]} 43. Rxb6 {[%emt 0:00:07]} Rff8 {[%emt 0:01:35]} 44. g5 {[%emt 0:00:38]} Rfe8 {[%emt 0:00:23]} 45. Rbd6 {[%emt 0:00:49]} 1-0

[Event "8th RTU Open 2018"]
[Site "Riga"]
[Date "2018.08.09"]
[Round "5"]
[White "Ter Sahakyan, Samvel"]
[Black "Ruiz Castillo, Joshua Daniel"]
[Result "1-0"]
[WhiteElo "2551"]
[BlackElo "2415"]
[Annotator "ChessBase"]
[PlyCount "167"]
[EventDate "2018.08.06"]
[EventType "swiss"]
[EventCountry "LAT"]
[SourceTitle "playchess.com"]
[Source "ChessBase"]
[SourceQuality "1"]
[TimeControl "5400+30"]

1. e4 {[%emt 0:00:00]} e6 {[%emt 0:02:41]} 2. d4 {[%emt 0:00:06]} d5 {[%emt 0:00:03]} 3. Nc3 {[%emt 0:00:07]} Bb4 {[%emt 0:00:05]} 4. e5 {[%emt 0:00:07]} c5 {[%emt 0:00:07]} 5. a3 {[%emt 0:00:12]} Bxc3+ {[%emt 0:00:04]} 6. bxc3 {[%emt 0:00:04]} Ne7 {[%emt 0:00:04]} 7. a4 {[%emt 0:05:55]} Qa5 {[%emt 0:04:20]} 8. Bd2 {[%emt 0:00:44]} c4 {[%emt 0:00:19]} 9. Qg4 {[%emt 0:06:01]} O-O {[%emt 0:02:04]} 10. Nh3 {[%emt 0:21:51]} Nbc6 {[%emt 0:04:39]} 11. Nf4 {[%emt 0:02:12]} f6 {[%emt 0:11:54]} 12. Nh5 {[%emt 0:02:15]} Ng6 {[%emt 0:00:06]} 13. exf6 {[%emt 0:13:56]} gxf6 {[%emt 0:00:21]} 14. Qd1 {[%emt 0:00:12]} Qc7 {[%emt 0:10:31]} 15. Be2 {[%emt 0:01:23]} Bd7 {[%emt 0:00:15]} 16. O-O {[%emt 0:00:16]} Kh8 {[%emt 0:00:43]} 17. Bg4 {[%emt 0:06:56]} Rf7 {[%emt 0:01:45]} 18. Qe2 {[%emt 0:10:53]} e5 {[%emt 0:01:53]} 19. Bxd7 {[%emt 0:01:28]} Qxd7 {[%emt 0:00:19]} 20. dxe5 {[%emt 0:00:07]} fxe5 {[%emt 0:00:09]} 21. f4 {[%emt 0:00:36]} exf4 {[%emt 0:01:55]} 22. Nxf4 {[%emt 0:00:54]} Nxf4 {[%emt 0:05:26]} 23. Rxf4 {[%emt 0:04:07]} Rxf4 {[%emt 0:00:33]} 24. Bxf4 {[%emt 0:00:29]} Qf5 {[%emt 0:04:27]} 25. Rf1 {[%emt 0:00:50]} Qe4 {[%emt 0:02:01]} 26. Qxe4 {[%emt 0:02:03]} dxe4 {[%emt 0:00:03]} 27. Kf2 {[%emt 0:00:22]} Kg7 {[%emt 0:07:02]} 28. Ke3 {[%emt 0:01:27]} Rd8 {[%emt 0:00:49]} 29. Rb1 {[%emt 0:04:33]} b6 {[%emt 0:00:14]} 30. Kxe4 {[%emt 0:00:09]} Kg6 {[%emt 0:00:18]} 31. Rb5 {[%emt 0:01:34]} Rd1 {[%emt 0:00:06]} 32. Rd5 {[%emt 0:00:53]} Re1+ {[%emt 0:00:04]} 33. Kf3 {[%emt 0:00:04]} Rf1+ {[%emt 0:00:20]} 34. Kg4 {[%emt 0:02:59]} Ne7 {[%emt 0:00:03]} 35. Rd6+ {[%emt 0:00:50]} Kf7 {[%emt 0:00:05]} 36. Bg5 {[%emt 0:02:00]} Nf5 {[%emt 0:00:07]} 37. Rc6 {[%emt 0:02:25]} Ng7 {[%emt 0:01:04]} 38. Rxc4 {[%emt 0:01:55]} Ne6 {[%emt 0:00:00]} 39. Be3 {[%emt 0:00:38]} Ra1 {[%emt 0:00:02]} 40. Kf3 {[%emt 0:02:43]} Ra2 {[%emt 0:00:06]} 41. g4 {[%emt 0:00:14]} Rxc2 {[%emt 0:00:06]} 42. h4 {[%emt 0:00:03]} Rh2 {[%emt 0:01:32]} 43. h5 {[%emt 0:00:30]} Kf6 {[%emt 0:00:03]} 44. Rc6 {[%emt 0:02:19]} Ke5 {[%emt 0:00:20]} 45. a5 {[%emt 0:01:18]} Rh3+ {[%emt 0:00:42]} 46. Kf2 {[%emt 0:00:27]} Nf4 {[%emt 0:01:29]} 47. axb6 {[%emt 0:01:04]} axb6 {[%emt 0:00:01]} 48. Bxb6 {[%emt 0:01:08]} Rh2+ {[%emt 0:00:15]} 49. Kg3 {[%emt 0:00:29]} Rh3+ {[%emt 0:00:04]} 50. Kf2 {[%emt 0:00:02]} Rh2+ {[%emt 0:00:04]} 51. Ke1 {[%emt 0:00:44]} Rg2 {[%emt 0:01:56]} 52. Bc7+ {[%emt 0:00:42]} Kd5 {[%emt 0:00:01]} 53. Rd6+ {[%emt 0:00:20]} Kc5 {[%emt 0:00:01]} 54. Kf1 {[%emt 0:00:38]} Rxg4 {[%emt 0:00:29]} 55. Rd4 {[%emt 0:00:38]} Nd5 {[%emt 0:00:01]} 56. Rxg4 {[%emt 0:00:20]} Ne3+ {[%emt 0:00:01]} 57. Ke2 {[%emt 0:00:40]} Nxg4 {[%emt 0:00:08]} 58. Kd3 {[%emt 0:00:24]} Nf6 {[%emt 0:01:59]} 59. Be5 {[%emt 0:00:30]} Ng4 {[%emt 0:02:14]} 60. Bd4+ {[%emt 0:00:13]} Kd5 {[%emt 0:00:00]} 61. c4+ {[%emt 0:00:06]} Ke6 {[%emt 0:00:01]} 62. Ke4 {[%emt 0:00:15]} Nh6 {[%emt 0:00:10]} 63. Be5 {[%emt 0:01:27]} Nf7 {[%emt 0:01:11]} 64. Bf4 {[%emt 0:00:05]} Nd8 {[%emt 0:00:02]} 65. c5 {[%emt 0:00:43]} Nc6 {[%emt 0:00:03]} 66. Bd6 {[%emt 0:00:28]} Nb4 {[%emt 0:00:32]} 67. Kf4 {[%emt 0:00:16]} Kf6 {[%emt 0:00:04]} 68. Be5+ {[%emt 0:00:15]} Ke6 {[%emt 0:00:05]} 69. Bd4 {[%emt 0:00:33]} Nc6 {[%emt 0:02:03]} 70. Bf2 {[%emt 0:00:16]} Ne5 {[%emt 0:00:22]} 71. Be3 {[%emt 0:00:38]} Nd3+ {[%emt 0:00:55]} 72. Ke4 {[%emt 0:00:34]} Ne5 {[%emt 0:00:13]} 73. Bd4 {[%emt 0:00:04]} Nc6 {[%emt 0:00:04]} 74. Bb2 {[%emt 0:00:19]} Ne7 {[%emt 0:00:15]} 75. Kf4 {[%emt 0:00:19]} Kd5 {[%emt 0:03:05]} 76. Kg5 {[%emt 0:00:23]} Ng8 {[%emt 0:10:25]} 77. Ba3 {[%emt 0:00:08]} Kc6 {[%emt 0:00:12]} 78. Kf5 {[%emt 0:00:21]} Kd5 {[%emt 0:00:20]} 79. Bb4 {[%emt 0:01:31]} Nh6+ {[%emt 0:00:19]} 80. Kf6 {[%emt 0:01:04]} Ng4+ {[%emt 0:00:03]} 81. Kg5 {[%emt 0:00:35]} Ne5 {[%emt 0:00:10]} 82. Kh6 {[%emt 0:00:06]} Nd3 {[%emt 0:00:02]} 83. Kxh7 {[%emt 0:01:18]} Nxb4 {[%emt 0:00:02]} 84. h6 {[%emt 0:00:09]} 1-0